Qi gong: salud y artes marciales. Ejercicios y meditación

محفوظ في:
التفاصيل البيبلوغرافية
المؤلف الرئيسي: Yang, Jwing Ming (مؤلف)
التنسيق: كتاب
اللغة:الإسبانية
منشور في: Málaga Sirio 1998
الموضوعات:
الوسوم: إضافة وسم
لا توجد وسوم, كن أول من يضع وسما على هذه التسجيلة!

MARC

LEADER 00000nam a2200000 a 4500
001 UCK6875
003 CL-VaPUC
008 051021e19980000SP |||||||||||||||||spa|d
020 |a 8478083847 
082 0 4 |a 613.7148  |b YAN  |2 21 
100 0 |a Yang, Jwing Ming  |e author  |9 496362 
245 1 0 |a Qi gong: salud y artes marciales. Ejercicios y meditación 
300 |a 218 p 
942 |c BK 
945 |d 20051021 00:00:00  |a cmena 
260 |a Málaga  |b Sirio  |c 1998 
650 0 |a Artes marciales   |9 311835 
650 0 |a Aptitud física   |9 373835 
650 0 |a Ejercicios físicos  |9 307296 
650 0 |a Salud mental  |9 308393 
650 7 |a QIGONG  |2 CL-VaPUC  |9 496363 
583 |a last modification  |c 20051021 00:00:00  |k Rodrigo Vera 
999 |c 315014  |d 315012 
952 |0 0  |1 0  |4 0  |6 613_714800000000000_YAN_1998  |7 0  |8 A  |9 387903  |a BIBEDU  |b BIBEDU  |d 2019-11-22  |i 414113K  |o 613.7148 YAN 1998  |p 414113K  |r 2019-11-22  |w 2019-11-22  |y BK  |k EFI 
952 |0 0  |1 0  |4 0  |6 613_714800000000000_YAN_1998  |7 0  |8 A  |9 387904  |a BIBEDU  |b BIBEDU  |d 2019-11-22  |i 4149033  |o 613.7148 YAN 1998  |p 4149033  |r 2019-11-22  |w 2019-11-22  |y BK  |k EFI